Intermediate electronics (Record no. 528410)
[ view plain ]
| 000 -LEADER | |
|---|---|
| fixed length control field | 00784nam a2200265 4500 |
| 001 - CONTROL NUMBER | |
| control field | 3712870 |
| 005 - DATE AND TIME OF LATEST TRANSACTION | |
| control field | 20190911102021.0 |
| 008 - FIXED-LENGTH DATA ELEMENTS--GENERAL INFORMATION | |
| fixed length control field | 690821m19699999enka b 001 0 eng |
| 035 ## - SYSTEM CONTROL NUMBER | |
| -- | (DLC) 79402260 |
| 010 ## - LIBRARY OF CONGRESS CONTROL NUMBER | |
| LC control number | 79402260 |
| 015 ## - NATIONAL BIBLIOGRAPHY NUMBER | |
| National bibliography number | B69-09641 (v. 1) |
| 020 ## - INTERNATIONAL STANDARD BOOK NUMBER | |
| International Standard Book Number | 0408518502 (v. 1) |
| 040 ## - CATALOGING SOURCE | |
| Original cataloging agency | DLC |
| Transcribing agency | DLC |
| Modifying agency | DLC |
| 050 00 - LIBRARY OF CONGRESS CALL NUMBER | |
| Classification number | TK7867 |
| Item number | .M32 |
| 082 00 - DEWEY DECIMAL CLASSIFICATION NUMBER | |
| Classification number | 621.381/5 |
| 100 1# - MAIN ENTRY--PERSONAL NAME | |
| Personal name | Maddock, R. J. |
| 9 (RLIN) | 20194 |
| 245 10 - TITLE STATEMENT | |
| Title | Intermediate electronics |
| Statement of responsibility, etc. | [by] R. J. Maddock. |
| 260 ## - PUBLICATION, DISTRIBUTION, ETC. | |
| Place of publication, distribution, etc. | London, |
| Name of publisher, distributor, etc. | Butterworths, |
| Date of publication, distribution, etc. | 1969- |
| 300 ## - PHYSICAL DESCRIPTION | |
| Extent | v. |
| Other physical details | illus. |
| Dimensions | 23 cm. |
| 350 ## - PRICE (NR) (BK AM CF MU VM SE) [OBSOLETE] | |
| Price | 55/- (v.1) |
| 504 ## - BIBLIOGRAPHY, ETC. NOTE | |
| Bibliography, etc. note | Bibliography: v. 1, p. 315. |
| 650 #0 - SUBJECT ADDED ENTRY--TOPICAL TERM | |
| Topical term or geographic name entry element | Electronic circuits. |
| 9 (RLIN) | 20195 |
| 906 ## - LOCAL DATA ELEMENT F, LDF (RLIN) | |
| a | 7 |
| b | cbc |
| c | orignew |
| d | u |
| e | ncip |
| f | 19 |
| g | y-gencatlg |
| 991 ## - | |
| -- | c-GenColl |
| -- | TK7867 |
| -- | .M32 |
| -- | Copy 1 |
| -- | BOOKS |
| Withdrawn status | Lost status | Source of classification or shelving scheme | Damaged status | Not for loan | Permanent Location | Current Location | Date acquired | Total Checkouts | Full call number | Barcode | Date last seen | Price effective from |
|---|---|---|---|---|---|---|---|---|---|---|---|---|
| School of Civil and Environmental Engineering (SCEE) | School of Civil and Environmental Engineering (SCEE) | 09/11/2019 | 621.3815 | NIT-10443 | 09/11/2019 | 09/11/2019 |
